[Event "Paleochora op 9th"]
[Site "Paleochora"]
[Date "2016.07.24"]
[Round "6"]
[White "Enchev, Ivajlo"]
[Black "Kokkalis, Haralabos"]
[Result "1-0"]
[WhiteElo "2465"]
[BlackElo "2040"]
[PlyCount "123"]
[EventDate "2016.07.20"]
[EventType "swiss"]
[EventRounds "9"]
[EventCountry "GRE"]
[SourceTitle "EXT 2017"]
[Source "ChessBase"]
[SourceDate "2016.10.25"]
[SourceVersion "1"]
[SourceVersionDate "2016.10.25"]
[SourceQuality "1"]

1. d4 d6 2. e4 Nf6 3. Nc3 c6 4. g3 Nbd7 5. Bg2 e5 6. a4 Be7 7. Nge2 0-0 8. 0-0 Re8 9. h3 Bf8 10. b3 a5 11. Re1 Qc7 12. Be3 g6 13. g4 Kh8 14. Ng3 Bg7 15. g5 Ng8 16. Qd2 f6 17. h4 fxg5 18. hxg5 Ne7 19. d5 cxd5 20. Nb5 Qb8 21. exd5 Nf5 22. Ne4 b6 23. f3 Ba6 24. Bf1 Rc8 25. Na3 Bxf1 26. Rxf1 Nc5 27. Bf2 Nxe4 28. fxe4 Nd4 29. Bxd4 exd4 30. Nb5 Re8 31. Nxd4 Rxe4 32. Ne6 Bxa1 33. Rxa1 Qb7 34. c4 Qe7 35. Re1 Rxe1+ 36. Qxe1 Rf8 37. Qe3 Rf5 38. Qxb6 Rxg5+ 39. Nxg5 Qxg5+ 40. Kf2 Qf4+ 41. Ke2 Qg4+ 42. Kd2 Qg2+ 43. Kc3 Qf3+ 44. Kb2 Qf6+ 45. Ka2 Qc3 46. Qf2 Kg7 47. Qb2 Qxb2+ 48. Kxb2 h5 49. b4 h4 50. bxa5 h3 51. a6 h2 52. a7 h1Q 53. a8Q Qe4 54. Qc6 g5 55. Qd7+ Kh8 56. Qxd6 Qxc4 57. Qh6+ Kg8 58. Qxg5+ Kf7 59. Qf5+ Ke7 60. Qe6+ Kd8 61. Qb6+ Kc8 62. Qb3 1-0

[Event "GRE-chT 44th"]
[Site "Achaia"]
[Date "2016.07.10"]
[Round "7.2"]
[White "Kokkalis, Haralabos"]
[Black "Kouskoutis, Georgios Alexandros"]
[Result "0-1"]
[WhiteElo "2040"]
[BlackElo "2136"]
[PlyCount "68"]
[EventDate "2016.07.05"]
[EventType "team-swiss"]
[EventRounds "7"]
[EventCountry "GRE"]
[SourceTitle "CBM 173 Extra"]
[Source "ChessBase"]
[SourceDate "2016.08.29"]
[SourceVersion "1"]
[SourceVersionDate "2016.08.29"]
[SourceQuality "1"]
[WhiteTeam "Oreokastrou Marion"]
[BlackTeam "Nikaia Fysiolatris"]
[WhiteTeamCountry "GRE"]
[BlackTeamCountry "GRE"]

1. e4 c5 2. Nf3 d6 3. d4 cxd4 4. Nxd4 Nf6 5. Nc3 g6 6. Be3 Bg7 7. f3 a6 8. Bc4 Nbd7 9. Qd2 h5 10. Bb3 Qc7 11. 0-0-0 b5 12. Nd5 Nxd5 13. Bxd5 Bb7 14. Bxb7 Qxb7 15. Nb3 Ne5 16. Na5 Qc7 17. Kb1 0-0 18. Bd4 Rab8 19. f4 b4 20. Nb3 Nc4 21. Qd3 Rfc8 22. Bxg7 Kxg7 23. h4 a5 24. g4 a4 25. Na1 a3 26. b3 Nb2 27. Qd4+ e5 28. fxe5 dxe5 29. Qd2 Nxd1 30. Qxd1 Qc3 31. Qc1 hxg4 32. h5 Qb2+ 33. Qxb2 axb2 34. Kxb2 Rh8 0-1

[Event "GRE-chT 44th"]
[Site "Achaia"]
[Date "2016.07.08"]
[Round "5.4"]
[White "Vlachos, Anatole"]
[Black "Kokkalis, Haralabos"]
[Result "1-0"]
[WhiteElo "2156"]
[BlackElo "2040"]
[PlyCount "55"]
[EventDate "2016.07.05"]
[EventType "team-swiss"]
[EventRounds "7"]
[EventCountry "GRE"]
[SourceTitle "CBM 173 Extra"]
[Source "ChessBase"]
[SourceDate "2016.08.29"]
[SourceVersion "1"]
[SourceVersionDate "2016.08.29"]
[SourceQuality "1"]
[WhiteTeam "Thessaloniki HS"]
[BlackTeam "Oreokastrou Marion"]
[WhiteTeamCountry "GRE"]
[BlackTeamCountry "GRE"]

1. e4 c5 2. Nc3 a6 3. Nge2 e6 4. g3 b5 5. Bg2 Bb7 6. 0-0 b4 7. Na4 Nf6 8. d3 d5 9. Bg5 Nbd7 10. Nf4 Be7 11. exd5 exd5 12. d4 0-0 13. Nxc5 Nxc5 14. dxc5 Rc8 15. a3 Rxc5 16. axb4 Rb5 17. c3 h6 18. Bxf6 Bxf6 19. Nh5 Qb6 20. Re1 Rd8 21. Qe2 Bc8 22. Rad1 a5 23. Bf1 Ba6 24. Qf3 Rd6 25. Re8+ Kh7 26. Rf8 Qa7 27. Qf5+ g6 28. Nxf6+ 1-0

[Event "GRE-ch U16"]
[Site "Porto Rio"]
[Date "2016.06.29"]
[Round "3"]
[White "Giannoulakis, Labros"]
[Black "Kokkalis, Haralabos"]
[Result "1-0"]
[WhiteElo "2214"]
[BlackElo "2007"]
[PlyCount "51"]
[EventDate "2016.06.28"]
[EventType "swiss"]
[EventRounds "9"]
[EventCountry "GRE"]
[SourceTitle "CBM 173 Extra"]
[Source "ChessBase"]
[SourceDate "2016.08.29"]
[SourceVersion "1"]
[SourceVersionDate "2016.08.29"]
[SourceQuality "1"]

1. d4 Nf6 2. Nf3 g6 3. c4 Bg7 4. g3 0-0 5. Bg2 d5 6. cxd5 Nxd5 7. 0-0 Nb6 8. Nc3 Nc6 9. e3 e5 10. d5 Na5 11. e4 c6 12. d6 Bg4 13. b3 Bxf3 14. Bxf3 c5 15. Be3 Rc8 16. Rc1 Rc6 17. Nd5 Qxd6 18. Qd2 f5 19. Qxa5 fxe4 20. Bxe4 Nxd5 21. Rfd1 Ra6 22. Rxd5 Qe6 23. Qd2 Rc6 24. Rd8 Qf6 25. Rxf8+ Bxf8 26. Bxc6 1-0

[Event "Chalkidiki op"]
[Site "Chalkidiki"]
[Date "2015.07.12"]
[Round "2"]
[White "Giannoulakis, Labros"]
[Black "Kokkalis, Haralabos"]
[Result "1/2-1/2"]
[WhiteElo "2283"]
[BlackElo "1824"]
[PlyCount "80"]
[EventDate "2015.07.12"]
[EventType "swiss"]
[EventRounds "9"]
[EventCountry "GRE"]
[SourceTitle "EXT 2016"]
[Source "ChessBase"]
[SourceDate "2015.10.08"]
[SourceVersion "1"]
[SourceVersionDate "2015.10.08"]
[SourceQuality "1"]

1. d4 d6 2. Nf3 Bg4 3. c4 Nd7 4. Nc3 e5 5. e4 exd4 6. Qxd4 Bxf3 7. gxf3 Ne5 8. Be2 Nf6 9. Be3 Qd7 10. h3 Nc6 11. Qd2 g6 12. 0-0-0 0-0-0 13. Nd5 Bg7 14. Qc2 Kb8 15. Kb1 Nxd5 16. cxd5 Ne7 17. Rd3 c5 18. dxc6 Nxc6 19. Qa4 b6 20. Rhd1 Ne5 21. Qxd7 Rxd7 22. Rxd6 Rxd6 23. Rxd6 Kc7 24. Rd5 Rd8 25. Rxd8 Kxd8 26. Bd4 f6 27. a4 g5 28. Kc2 Ng6 29. a5 Kc7 30. Kb3 Nf4 31. Bf1 Ne6 32. Be3 Bf8 33. Kc4 Kc6 34. Kc3 bxa5 35. Bxa7 Bc5 36. Bb8 Bxf2 37. Bc4 Nf4 38. Bxf4 gxf4 39. Bg8 h5 40. Kc4 h4 1/2-1/2

[Event "GRE-ch U16"]
[Site "Rio Achaia"]
[Date "2015.06.26"]
[Round "1.3"]
[White "Drakoulakos, Grigorios"]
[Black "Kokkalis, Haralabos"]
[Result "1-0"]
[WhiteElo "2250"]
[BlackElo "1824"]
[PlyCount "70"]
[EventDate "2015.06.26"]
[EventType "swiss"]
[EventRounds "9"]
[EventCountry "GRE"]
[SourceTitle "EXT 2024"]
[Source "ChessBase"]
[SourceDate "2023.10.10"]
[SourceVersion "1"]
[SourceVersionDate "2023.10.10"]
[SourceQuality "1"]

1. e4 d6 2. d4 Nf6 3. Nc3 c6 4. Nf3 Bg4 5. h3 Bh5 6. Be2 Nbd7 7. 0-0 e5 8. Be3 Be7 9. Nh4 Bg6 10. Nxg6 hxg6 11. Qd2 0-0 12. Rad1 b5 13. a3 a6 14. f4 exd4 15. Bxd4 c5 16. Bxf6 Nxf6 17. Bf3 Rb8 18. e5 dxe5 19. Qe2 Qe8 20. fxe5 Nh7 21. e6 f5 22. Rd7 Nf6 23. Ra7 b4 24. Nd5 Nxd5 25. Bxd5 Rd8 26. Bc4 Ra8 27. Rc7 Kh7 28. Rd1 Rd8 29. Rxd8 Bxd8 30. Rd7 Rf6 31. e7 Bb6 32. Rb7 Rd6 33. Rxb6 Rxb6 34. Bf7 Qxf7 35. e8Q Qc7 1-0

[Event "GRE-chT 40th"]
[Site "Achaia"]
[Date "2012.07.03"]
[Round "5.2"]
[White "Tsolakidou, Stavroula"]
[Black "Kokkalis, Haralabos"]
[Result "1-0"]
[WhiteElo "1845"]
[BlackElo "1698"]
[PlyCount "87"]
[EventDate "2012.06.30"]
[EventType "team-swiss"]
[EventRounds "7"]
[EventCountry "GRE"]
[SourceTitle "CBM 149 Extra"]
[Source "ChessBase"]
[SourceDate "2012.08.24"]
[SourceVersion "1"]
[SourceVersionDate "2012.08.24"]
[SourceQuality "1"]
[WhiteTeam "Kavalas"]
[BlackTeam "Orekastrou"]
[WhiteTeamCountry "GRE"]
[BlackTeamCountry "GRE"]

1. e4 c5 2. Nf3 e6 3. d4 cxd4 4. Nxd4 Nf6 5. Nc3 d6 6. g4 h6 7. h3 g5 8. Nde2 a6 9. Bg2 Nc6 10. f4 gxf4 11. Bxf4 e5 12. Be3 Be6 13. Nd5 Bxd5 14. exd5 Ne7 15. Qd2 Rc8 16. 0-0-0 Qc7 17. Kb1 Bg7 18. Ng3 Nd7 19. Qf2 Nc5 20. Bxc5 Qxc5 21. Qxc5 Rxc5 22. Ne4 Rc7 23. Nxd6+ Kf8 24. Ne4 Nc8 25. d6 Rd7 26. c4 f6 27. b4 Kf7 28. c5 Na7 29. Nc3 Nc6 30. Bxc6 bxc6 31. Na4 Rb7 32. Nb6 Rd8 33. Rd3 Bf8 34. Rhd1 Ke6 35. a4 e4 36. Re3 Bxd6 37. Rxe4+ Kf7 38. Red4 Bxc5 39. bxc5 Rxd4 40. Rxd4 Ke7 41. Kc2 Rc7 42. Kd3 Rb7 43. Ke4 a5 44. Kf5 1-0

[Event "GRE-ch U10"]
[Site "Kallithea"]
[Date "2010.06.29"]
[Round "5"]
[White "Apostolakakis, Konstantinos"]
[Black "Kokkalis, Haralabos"]
[Result "1/2-1/2"]
[WhiteElo "1537"]
[BlackElo "1600"]
[PlyCount "111"]
[EventDate "2010.06.26"]
[EventType "swiss"]
[EventRounds "9"]
[EventCountry "GRE"]
[SourceTitle "EXT 2012"]
[Source "ChessBase"]
[SourceDate "2011.11.24"]
[SourceVersion "1"]
[SourceVersionDate "2011.11.24"]
[SourceQuality "1"]

1. e4 c5 2. b3 d6 3. Bb2 e6 4. Bb5+ Bd7 5. Bxd7+ Nxd7 6. d3 Ngf6 7. Ne2 Be7 8. 0-0 0-0 9. Nd2 Qc7 10. h3 d5 11. c4 d4 12. f4 e5 13. f5 h6 14. Qe1 Nh7 15. Nf3 Ng5 16. Nxg5 Bxg5 17. Bc1 Bxc1 18. Rxc1 Rab8 19. Qg3 Qd6 20. Qf3 b5 21. Rc2 b4 22. g4 Nf6 23. h4 Nh7 24. Qg3 Qf6 25. Rf2 Kh8 26. Rg2 g5 27. h5 Qd6 28. Qf3 f6 29. Rf2 a5 30. Rf1 Ra8 31. Rb1 Ra6 32. Rbb2 Rfa8 33. Qg3 R8a7 34. Qe1 Qb8 35. Qd2 Qa8 36. Kg2 Nf8 37. Ng3 Nd7 38. Ne2 Nb6 39. Nc1 a4 40. Ne2 axb3 41. axb3 Nc8 42. Ng3 Nd6 43. Ne2 Nb7 44. Nc1 Ra3 45. Kg3 Kg7 46. Kh3 Kf7 47. Kg3 Ke7 48. Kh3 Kf7 49. Kg3 Ke7 50. Kh3 R7a6 51. Kg3 Ra7 52. Kh3 R7a5 53. Kg3 Ra7 54. Kh3 R7a6 55. Kg3 Kf7 56. Kh3 1/2-1/2

[Event "GRE-ch U10"]
[Site "Kallithea"]
[Date "2010.06.29"]
[Round "6"]
[White "Kokkalis, Haralabos"]
[Black "Beliotis, Georgios"]
[Result "1-0"]
[WhiteElo "1600"]
[BlackElo "1492"]
[PlyCount "55"]
[EventDate "2010.06.26"]
[EventType "swiss"]
[EventRounds "9"]
[EventCountry "GRE"]
[SourceTitle "EXT 2012"]
[Source "ChessBase"]
[SourceDate "2011.11.24"]
[SourceVersion "1"]
[SourceVersionDate "2011.11.24"]
[SourceQuality "1"]

1. e4 e6 2. d4 d5 3. Nc3 Bb4 4. e5 c5 5. a3 Bxc3+ 6. bxc3 Ne7 7. Nf3 Qa5 8. Bd2 Bd7 9. Bd3 c4 10. Be2 Nbc6 11. h4 0-0-0 12. Qb1 f6 13. Qb2 fxe5 14. Rb1 Qa6 15. Nxe5 Nxe5 16. dxe5 Nc6 17. f4 Rdf8 18. g3 Ne7 19. Bg4 Qc6 20. Rg1 Kb8 21. Be3 a6 22. Bc5 Rf7 23. Qb4 Nf5 24. Bxf5 Rxf5 25. Qa5 Rc8 26. Bd4 h6 27. Rb6 Qa4 28. Rxb7+ 1-0

[Event "GRE-ch U10"]
[Site "Kallithea"]
[Date "2010.06.28"]
[Round "4"]
[White "Dalipis, Nikolaos"]
[Black "Kokkalis, Haralabos"]
[Result "1-0"]
[WhiteElo "1527"]
[BlackElo "1600"]
[PlyCount "73"]
[EventDate "2010.06.26"]
[EventType "swiss"]
[EventRounds "9"]
[EventCountry "GRE"]
[SourceTitle "EXT 2012"]
[Source "ChessBase"]
[SourceDate "2011.11.24"]
[SourceVersion "1"]
[SourceVersionDate "2011.11.24"]
[SourceQuality "1"]

1. e4 c5 2. Nc3 Nc6 3. g3 g6 4. Bg2 Bg7 5. d3 e6 6. f4 d6 7. Nf3 Nd4 8. 0-0 Ne7 9. Nxd4 cxd4 10. Ne2 0-0 11. b3 Nc6 12. Bb2 e5 13. f5 Qc7 14. f6 Bh8 15. Qd2 Be6 16. a3 Qd7 17. Qh6 Rfc8 18. Rac1 Bg4 19. Bf3 Bxf3 20. Rxf3 Rc7 21. Qh4 h5 22. h3 Rac8 23. g4 hxg4 24. hxg4 Na5 25. g5 Rxc2 26. Rh3 Qxh3 27. Qxh3 Rxc1+ 28. Bxc1 Rc7 29. b4 Nb3 30. Qf1 Nxc1 31. Nxc1 Rc3 32. Qd1 Rxa3 33. Ne2 b5 34. Qc2 a6 35. Qc8+ Kh7 36. Qf8 Ra1+ 37. Kf2 1-0